Normal view
MARC view
- Farrukh, Sheen
Entry Personal Name
001 - CONTROL NUMBER
- control field: 109572
003 - CONTROL NUMBER IDENTIFIER
- control field: NUST
005 - DATE AND TIME OF LATEST TRANSACTION
- control field: 20230224124314.0
008 - FIXED-LENGTH DATA ELEMENTS
- fixed length control field: 230224|| aca||aabn | a|a d
040 ## - CATALOGING SOURCE
- Original cataloging agency: NUST
- Transcribing agency: NUST
100 ## - HEADING--PERSONAL NAME
- Personal name: Farrukh, Sheen
670 ## - SOURCE DATA FOUND
- Source citation: Work cat.: (NUST)187997: Farrukh, Sheen, Maholiyat Qanoon Aur Hum / ماحولیات قانون اور ہم (Urdu) /, 1996
